|
|
|
|
| LEADER |
01010nab#a2200349#ar4500 |
| 001 |
000000455 |
| 003 |
SVKKK |
| 005 |
00000000000000.0 |
| 008 |
c xo e sloo |
| FMT |
|
|
|
| 038 |
|
|
|a SVKKK
|
| 040 |
|
|
|a SVKKK
|b slo
|e AACR2
|
| 041 |
0 |
|
|a slo
|b eng
|
| 044 |
|
|
|a xo
|c SK
|
| 080 |
|
|
|a 551.24(234.372.3
|2 1981
|
| 100 |
1 |
|
|a Hók, Jozef
|4 aut
|
| 245 |
1 |
0 |
|a Geologická stavba rázdielskej časti Tríbeča - nové poznatky a diskusia
|c Hók Jozef, Ivanička Ján, Kováčik Martin
|
| 300 |
|
|
|b Obr. 3,
|
| 504 |
|
|
|a Res. angl., lit. 18 zázn. v angl., čes., slov. jaz.
|
| 650 |
0 |
4 |
|a kryštalinikum
|z Tríbeč
|x mapy geologické
|x analýzy
|
| 650 |
0 |
4 |
|a tektonika
|x stavba geologická
|
| 700 |
1 |
|
|a Ivanička, Ján
|4 aut
|
| 700 |
1 |
|
|a Kováčik, Martin
|4 aut
|
| 773 |
0 |
|
|t Mineralia slovaca
|x 0369-2086
|g Roč. 26, č. 3(1994), s. 192-196
|
| 958 |
|
|
|a MS
|
| 958 |
|
|
|a NB
|
| 958 |
|
|
|a NP
|
| 974 |
|
|
|d 941216
|a 246
|
| 992 |
|
|
|a RBX
|
| BAS |
|
|
|
| 852 |
|
|
|a SVKKK
|b BIB
|
| 998 |
|
|
|a GEO
|